¿Hay un mañana para el sacerdote? / (Record no. 78779)

MARC details
000 -LEADER
campo de control de longitud fija 00915nam a2200253 i 4500
001 - NÚMERO DE CONTROL
campo de control 78779
003 - IDENTIFICADOR DE NÚMERO DE CONTROL
campo de control ES-MaACL
005 - FECHA Y HORA DE LA ÚLTIMA TRANSACCIÓN
campo de control 20230906173819.0
007 - CAMPO FIJO DE DESCRIPCIÓN FÍSICA--INFORMACIÓN GENERAL
campo de control de longitud fija t|
008 - DATOS DE LONGITUD FIJA--INFORMACIÓN GENERAL
campo de control de longitud fija 041018s1969 sp ||||1| spa d
245 01 - MENCIÓN DEL TÍTULO
Título ¿Hay un mañana para el sacerdote? /
Mención de responsabilidad, etc. Pierre Fransen ... [et al.] ; prólogo y notas previas de Fernando Vittorino Joannes ; [traducción de José Manuel Romero].
260 ## - PUBLICACIÓN, DISTRIBUCIÓN, ETC.
Lugar de publicación, distribución, etc. Madrid :
Nombre del editor, distribuidor, etc. Cuadernos para el Diálogo,
Fecha de publicación, distribución, etc. 1969.
300 ## - DESCRIPCIÓN FÍSICA
Extensión 232 p. ;
Dimensiones 19 cm.
490 1# - MENCIÓN DE SERIE
Mención de serie Religión y mundo. Documentos nuevos ;
Designación de volumen o secuencia 5
650 00 - PUNTO DE ACCESO ADICIONAL DE MATERIA--TÉRMINO DE MATERIA
Término de materia o nombre geográfico como elemento de entrada Sacerdotes.
9 (RLIN) 16959
650 00 - PUNTO DE ACCESO ADICIONAL DE MATERIA--TÉRMINO DE MATERIA
Término de materia o nombre geográfico como elemento de entrada Celibato.
9 (RLIN) 10868
700 1# - ENTRADA AGREGADA--NOMBRE PERSONAL
Nombre de persona Fransen, Pierre.
9 (RLIN) 52352
700 1# - ENTRADA AGREGADA--NOMBRE PERSONAL
Nombre de persona Joannes, Ferdinando Vittorino.
9 (RLIN) 66679
700 1# - ENTRADA AGREGADA--NOMBRE PERSONAL
Nombre de persona Romero, José Manuel.
9 (RLIN) 99333
710 2# - ENTRADA AGREGADA--NOMBRE DE ENTIDAD CORPORATIVA
Nombre de entidad corporativa o nombre de jurisdicción como elemento de entrada Cuadernos para el Diálogo.
9 (RLIN) 3333
830 1# - PUNTO DE ACCESO ADICIONAL DE SERIE-TÍTULO UNIFORME
Título uniforme Religión y mundo. Documentos nuevos ;
Designación de volumen o secuencia 5
9 (RLIN) 185591
852 ## - LOCALIZACIÓN
Ubicación ES-MaACL
Número de control de estantería C-51592
Holdings
Estatus retirado Estado de pérdida Estado de daño No para préstamo Biblioteca de origen Biblioteca actual Ubicación en estantería Fecha de adquisición Fuente de adquisición Total de préstamos Signatura topográfica completa Código de barras Visto por última vez Precio de reemplazo Tipo de ítem Koha
        Biblioteca del Ateneo de Madrid Biblioteca del Ateneo de Madrid Depósito 2 17/01/2008     C-51592 1082392 23/02/2023 23/02/2023 Libro impreso